| 000 | 01214naa a22003257a 4500 | ||
|---|---|---|---|
| 001 | BR8600475 | ||
| 003 | BR-BrBNA | ||
| 005 | 20240918175625.0 | ||
| 007 | ta | ||
| 008 | 230509b bl.||||| |||| 00| 0 por d | ||
| 040 |
_aBR-BrBNA _bpor _cBiblioteca Nacional de Agricultura |
||
| 041 | _a(Pt) | ||
| 072 |
_aE14; E70 _b9410 _bG514 |
||
| 090 | _aE14 BR8600475 | ||
| 100 | 1 | _aFarina, E.M.M.Q. | |
| 111 | 1 |
_aCongresso Brasileiro de Gado Leiteiro _cCampinas, SP (Brazil) _d7-11 Oct 1985 |
|
| 245 | 1 | _aCaracterizacao e implementacao de uma politica para o leite | |
| 246 | 1 | _a[Characterization and implementation of a milk policy] | |
| 246 | 1 | _a[Characterization and implementation of a milk policy] | |
| 260 | 3 |
_aPiracicaba, SP (Brasil): _c1985. |
|
| 500 | _aCaracterizacao e implementacao de uma politica para o leite Piracicaba, SP (Brasil): 1985. p. 95-116 (BR8600475-AM)E14 | ||
| 650 | _aLEITE | ||
| 650 | _aBOVINO | ||
| 650 | _aPOLITICA ECONOMICA | ||
| 650 | _aPRECO | ||
| 650 | _aCOMERCIALIZACAO | ||
| 773 | 0 |
_tCaracterizacao e implementacao de uma politica para o leite _wE14 BR8600475 _gPiracicaba, SP (Brasil), 1985. p. 95-116 |
|
| 909 |
_a202404 _bLucia _c55 _dLucia Elande |
||
| 942 |
_cAM _2AGRIS |
||
| 999 |
_c317497 _d317497 |
||